[Event "45 Otwarte Mistrzostwa Chorzowa OPEN FI"]
[Site "MDK Batory"]
[Date "2009.03.29"]
[Round "2.5"]
[White "Kuciel, Wladyslaw"]
[Black "Buchowski, Adam"]
[Result "0-1"]
[WhiteElo "2121"]
[BlackElo "1919"]
[PlyCount "100"]
[EventDate "2009.??.??"]

1. Nf3 Nf6 2. c4 e6 3. d4 b6 4. g3 Bb7 5. Bg2 Be7 6. Nc3 Ne4 7. Qc2 Nxc3 8.
bxc3 f5 9. d5 c5 10. O-O O-O 11. Rd1 exd5 12. cxd5 d6 13. h4 h6 14. Ne1 Qe8 15.
e4 fxe4 16. Bxe4 Nd7 17. Bg6 Qd8 18. Ng2 Ne5 19. Bh7+ Kh8 20. Nf4 Rf6 21. Ng6+
Nxg6 22. Bxg6 Bc8 23. Qe4 Rf8 24. Bf4 Bh3 25. Qe3 Qd7 26. Bxh6 Bxh4 27. gxh4
Qg4+ 28. Qg3 Qxg3+ 29. fxg3 gxh6 30. Kh2 Bg4 31. Rf1 Kg7 32. h5 Rf3 33. Rxf3
Bxf3 34. c4 Be2 35. Rc1 Rd8 36. Kh3 Rd7 37. Rc2 Bf1+ 38. Kg4 Re7 39. Kf3 b5 40.
cxb5 Bxb5 41. g4 Kf6 42. Bf5 Ke5 43. Be6 Kd4 44. Kf4 Bd3 45. Rh2 Rg7 46. Rd2 c4
47. Bf5 Rf7 48. Kg3 Ke3 49. Rf2 Bxf5 50. gxf5 Rg7+ 0-1

[Event "45 Otwarte Mistrzostwa Chorzowa OPEN FI"]
[Site "MDK Batory"]
[Date "2009.03.29"]
[Round "2.6"]
[White "Janiszewski, Maciej"]
[Black "Kaczmarek, Aleksander"]
[Result "1/2-1/2"]
[WhiteElo "2093"]
[BlackElo "1886"]
[PlyCount "24"]
[EventDate "2009.??.??"]

1. e4 c6 2. d4 d5 3. e5 c5 4. dxc5 e6 5. Be3 Qc7 6. Qd4 Ne7 7. b4 Nbc6 8. Qb2
Qxe5 9. c3 Nf5 10. Nf3 Qc7 11. Bd4 e5 12. Nxe5 Qe7 1/2-1/2

[Event "45 Otwarte Mistrzostwa Chorzowa OPEN FI"]
[Site "MDK Batory"]
[Date "2009.03.29"]
[Round "2.7"]
[White "Muc, Zbigniew"]
[Black "Kempa, Stefan"]
[Result "0-1"]
[WhiteElo "1848"]
[BlackElo "2080"]
[PlyCount "56"]
[EventDate "2009.??.??"]

1. e4 c6 2. d4 d5 3. e5 Bf5 4. h4 h5 5. Ne2 Nh6 6. Ng3 g6 7. Bxh6 Bxh6 8. Nxf5
gxf5 9. Rh3 e6 10. Be2 Rg8 11. Kf1 Rg4 12. Bxg4 hxg4 13. Rh2 Nd7 14. c3 f6 15.
exf6 Nxf6 16. Nd2 Qd6 17. g3 O-O-O 18. Nb3 Ne4 19. Kg2 Rg8 20. Qe1 b6 21. Rd1
f4 22. Rh1 Rf8 23. gxf4 Rxf4 24. Rf1 Rf3 25. Qe2 Be3 26. Rd3 Rg3+ 27. fxg3
Qxg3+ 28. Kh1 Qh3+ 0-1

[Event "45 Otwarte Mistrzostwa Chorzowa OPEN FI"]
[Site "MDK Batory"]
[Date "2009.03.29"]
[Round "2.8"]
[White "Sztwiertnia, Krzysztof"]
[Black "Karcz, Bartlomiej"]
[Result "1-0"]
[WhiteElo "2021"]
[BlackElo "1799"]
[PlyCount "79"]
[EventDate "2009.??.??"]

1. d4 Nf6 2. c4 e5 3. dxe5 Ng4 4. e3 Nxe5 5. Nh3 Bc5 6. Be2 d6 7. Nf4 Nbd7 8.
a3 a5 9. Nc3 Nf6 10. b3 Bf5 11. Bb2 c6 12. O-O O-O 13. Na4 Ba7 14. Bd4 Bxd4 15.
Qxd4 Qc7 16. f3 Ng6 17. Nxg6 Bxg6 18. e4 Rad8 19. Nc3 Rfe8 20. Rac1 Nd7 21.
Rfd1 Nc5 22. Rb1 Ne6 23. Qf2 f5 24. exf5 Bxf5 25. Bd3 Bxd3 26. Rxd3 Nf4 27. Rd4
d5 28. Qd2 Ne6 29. Rh4 dxc4 30. Qc2 h6 31. bxc4 Nd4 32. Qf2 Nf5 33. Re4 Re7 34.
Qc5 Rxe4 35. Nxe4 Nd4 36. Qh5 Qf4 37. Kf2 Nc2 38. Rxb7 Qe3+ 39. Kg3 Nd4 40.
Qf7+ 1-0

[Event "45 Otwarte Mistrzostwa Chorzowa OPEN FI"]
[Site "MDK Batory"]
[Date "2009.03.29"]
[Round "2.9"]
[White "Faron, Rafal"]
[Black "Kaleta, Lukasz"]
[Result "1-0"]
[WhiteElo "1707"]
[BlackElo "1982"]
[PlyCount "83"]
[EventDate "2009.??.??"]

1. e4 e6 2. d4 d5 3. exd5 exd5 4. Bd3 Bd6 5. Qf3 Nf6 6. h3 O-O 7. Ne2 Re8 8.
Bg5 Nbd7 9. Nd2 c5 10. c3 cxd4 11. cxd4 Qb6 12. Nb3 Bb4+ 13. Bd2 Bxd2+ 14. Kxd2
Qb4+ 15. Kc2 Ne4 16. Nc3 Ndf6 17. Rhe1 Bd7 18. Rac1 Rac8 19. Kb1 Rxc3 20. bxc3
Qxb3+ 21. axb3 Nd2+ 22. Kc2 Nxf3 23. Rxe8+ Nxe8 24. gxf3 Bxh3 25. Bxh7+ Kf8 26.
Bd3 Be6 27. c4 Ke7 28. Kc3 Kd6 29. c5+ Kc6 30. b4 a6 31. Rg1 g6 32. f4 Ng7 33.
Bxg6 Nf5 34. Bxf5 Bxf5 35. Rg5 Bd7 36. f5 Be8 37. f6 Bd7 38. Re5 Bg4 39. f4 Bf3
40. Re6+ Kd7 41. Re7+ Kc6 42. Rxf7 1-0

[Event "45 Otwarte Mistrzostwa Chorzowa OPEN FI"]
[Site "MDK Batory"]
[Date "2009.03.29"]
[Round "2.10"]
[White "Bogacki, Henryk"]
[Black "Kawala, Maciej"]
[Result "0-1"]
[WhiteElo "1554"]
[BlackElo "1953"]
[PlyCount "96"]
[EventDate "2009.??.??"]

1. e4 e5 2. Nf3 Nc6 3. Bb5 a6 4. Ba4 Nf6 5. O-O b5 6. Bb3 Be7 7. Re1 d6 8. h3
O-O 9. c3 Na5 10. Bc2 c5 11. d4 Qc7 12. d5 Nb7 13. Nbd2 Ne8 14. Nf1 g6 15. Ng3
Ng7 16. Nh2 Nd8 17. f4 f6 18. f5 g5 19. Ng4 Nf7 20. Nh2 Bd7 21. Nh5 c4 22. h4
a5 23. hxg5 Nxg5 24. Nxg7 Kxg7 25. Qg4 b4 26. Re3 Qa7 27. Kh1 Rh8 28. Rh3 Be8
29. Bxg5 fxg5 30. Rf1 Bf6 31. Qe2 Rc8 32. Ng4 h6 33. Bd1 Qb6 34. Ne3 Qc5 35.
Qe1 Bf7 36. Be2 h5 37. Nd1 g4 38. Rh2 Bg5 39. g3 Kf6 40. Kg2 a4 41. Rfh1 a3 42.
Bxg4 b3 43. axb3 cxb3 44. bxa3 Qxa3 45. Qe2 Qa2 46. Bf3 Rb8 47. Qb2 Bc1 48. Qf2
b2 0-1

[Event "45 Otwarte Mistrzostwa Chorzowa OPEN FI"]
[Site "MDK Batory"]
[Date "2009.03.29"]
[Round "2.13"]
[White "Czornik, Adam"]
[Black "Skrzyczek, Tomasz"]
[Result "0-1"]
[WhiteElo "1770"]
[BlackElo "2027"]
[PlyCount "142"]
[EventDate "2009.??.??"]

1. e4 c5 2. Nf3 e6 3. d4 cxd4 4. Nxd4 Nc6 5. Nc3 Qc7 6. Be3 Nf6 7. f3 a6 8. Be2
Bb4 9. O-O Bxc3 10. bxc3 d5 11. Nxc6 bxc6 12. exd5 cxd5 13. Qd4 O-O 14. Bf4 Qc6
15. Be5 Ne8 16. Bd3 f6 17. Bg3 e5 18. Qh4 g6 19. c4 Be6 20. cxd5 Bxd5 21. c4
Be6 22. Be4 Qc8 23. Bxa8 Qxa8 24. Bf2 g5 25. Qe4 Qxe4 26. fxe4 Bxc4 27. Rfc1
Bd3 28. Re1 Ng7 29. Re3 Bb5 30. a4 Bc6 31. a5 Rd8 32. Rc1 Bb5 33. Rec3 Ne6 34.
Rc8 Rxc8 35. Rxc8+ Kg7 36. Rc1 Nf4 37. Rc7+ Kg6 38. Be3 Bd3 39. g3 Ne6 40. Rc6
Kf7 41. Kf2 h5 42. Ba7 g4 43. Ke3 Bb5 44. Rd6 Ng5 45. Rd2 Nf3 46. Rb2 Ke6 47.
Rxb5 axb5 48. Bb8 Kd7 49. a6 Kc6 50. a7 Kb7 51. h3 Ng5 52. hxg4 hxg4 53. a8=Q+
Kxa8 54. Bd6 Kb7 55. Be7 Nh7 56. Kd3 Kc6 57. Kc3 Kd7 58. Bc5 Ng5 59. Kd3 Ne6
60. Bb4 Nd4 61. Bf8 Ke6 62. Bc5 f5 63. exf5+ Nxf5 64. Bf2 Kd5 65. Kc3 Ke4 66.
Kb4 Kf3 67. Be1 Nxg3 68. Kxb5 Ne2 69. Kc4 g3 70. Ba5 g2 71. Bb6 Nd4 0-1

[Event "45 Otwarte Mistrzostwa Chorzowa OPEN FI"]
[Site "MDK Batory"]
[Date "2009.03.29"]
[Round "2.14"]
[White "Czornik, Janusz"]
[Black "Galyga, Jozef"]
[Result "0-1"]
[WhiteElo "1749"]
[BlackElo "1906"]
[PlyCount "46"]
[EventDate "2009.??.??"]

1. e4 e6 2. d3 d5 3. Qe2 dxe4 4. dxe4 e5 5. Nf3 Nc6 6. c3 Nf6 7. g3 a5 8. Bg2
Bc5 9. O-O O-O 10. Rd1 Qe7 11. Bg5 h6 12. Bxf6 Qxf6 13. h3 Be6 14. Qc2 Bxh3 15.
Nxe5 Qxe5 16. Bxh3 Qxg3+ 17. Bg2 Rad8 18. Rd5 Rxd5 19. exd5 Ne5 20. Kf1 Qf4 21.
Qd2 Qf6 22. Na3 Ng4 23. f4 Re8 0-1

[Event "45 Otwarte Mistrzostwa Chorzowa OPEN FI"]
[Site "MDK Batory"]
[Date "2009.03.29"]
[Round "2.15"]
[White "Moryson, Adrian"]
[Black "Krzempek, Krystian"]
[Result "1/2-1/2"]
[WhiteElo "1897"]
[BlackElo "1767"]
[PlyCount "31"]
[EventDate "2009.??.??"]

1. Nf3 d5 2. d4 Nf6 3. Nc3 c6 4. Bf4 h6 5. Qd2 Bf5 6. e3 e6 7. Bd3 Bxd3 8. cxd3
Nbd7 9. O-O Nh5 10. e4 Nxf4 11. Qxf4 dxe4 12. dxe4 Nf6 13. d5 cxd5 14. exd5
Nxd5 15. Nxd5 Qxd5 16. Ne5 1/2-1/2

[Event "45 Otwarte Mistrzostwa Chorzowa OPEN FI"]
[Site "MDK Batory"]
[Date "2009.03.29"]
[Round "2.17"]
[White "Stepniewski, Jerzy"]
[Black "Sroka, Janusz"]
[Result "0-1"]
[WhiteElo "1810"]
[BlackElo "2109"]
[PlyCount "122"]
[EventDate "2009.??.??"]

1. Nf3 Nf6 2. g3 d6 3. Bg2 e5 4. c3 Be7 5. d3 c6 6. Nbd2 O-O 7. O-O Nbd7 8. d4
Qc7 9. Qc2 Re8 10. Nc4 Bf8 11. Ne3 g6 12. Re1 Bg7 13. b3 a5 14. a4 Nh5 15. Ba3
e4 16. Nd2 d5 17. Rad1 Ndf6 18. Ndf1 Be6 19. c4 Qd7 20. c5 h6 21. Bc1 Nh7 22.
f3 f5 23. Bd2 Bxd4 24. Kh1 Bg7 25. Bc1 Red8 26. Ba3 Rf8 27. b4 Qf7 28. Rc1 axb4
29. Bxb4 Rfd8 30. a5 Rd7 31. Red1 Ng5 32. f4 Nh7 33. Nd2 g5 34. fxg5 hxg5 35.
Rf1 f4 36. g4 N5f6 37. Nf5 Bxf5 38. gxf5 Qh5 39. Qb3 Kh8 40. Kg1 Ng4 41. Qh3
Bd4+ 42. Kh1 Nf2+ 43. Rxf2 Qxh3 44. Bxh3 Bxf2 45. Bc3+ d4 46. Bb4 Nf6 47. Nc4
Rh7 48. Rf1 Rxh3 49. Rxf2 Rb3 50. Be1 Rb1 51. Rf1 Rc1 52. Nd2 Kg7 53. Rg1 g4
54. Nb3 Rd1 55. Kg2 Nd5 56. Kh1 Kf7 57. Nd2 Rxd2 58. Bxd2 e3 59. Be1 f3 60.
Rxg4 f2 61. Bb4 f1=R+ 0-1

[Event "45 Otwarte Mistrzostwa Chorzowa OPEN FI"]
[Site "MDK Batory"]
[Date "2009.03.29"]
[Round "2.18"]
[White "Widera, Jan"]
[Black "Kostowski, Andrzej"]
[Result "1-0"]
[WhiteElo "2030"]
[BlackElo "1846"]
[PlyCount "79"]
[EventDate "2009.??.??"]

1. e4 e5 2. Nf3 d6 3. d4 exd4 4. Nxd4 h6 5. Bc4 Nf6 6. Nc3 c6 7. a4 Nbd7 8. O-O
Be7 9. Be3 Ne5 10. Ba2 Bd7 11. h3 g5 12. a5 Qc7 13. Nf5 Bxf5 14. exf5 O-O-O 15.
Bxa7 Qd7 16. Bb6 Rdg8 17. Qe2 Bd8 18. Rfd1 Bxb6 19. axb6 Kd8 20. Ne4 Nxe4 21.
Qxe4 Ke7 22. Bxf7 Kxf7 23. Qxe5 d5 24. Ra7 Re8 25. Qd4 Rhg8 26. c4 Rd8 27. cxd5
Qxf5 28. Rxb7+ Rd7 29. Rxd7+ Qxd7 30. dxc6 Qxc6 31. Qd7+ Qxd7 32. Rxd7+ Kg6 33.
g4 Rb8 34. b7 Kf6 35. Rh7 Ke5 36. b4 Kd5 37. b5 Kc5 38. Rxh6 Rxb7 39. Rg6 Kxb5
40. Rxg5+ 1-0

[Event "45 Otwarte Mistrzostwa Chorzowa OPEN FI"]
[Site "MDK Batory"]
[Date "2009.03.29"]
[Round "2.19"]
[White "Radzikowski, Dawid"]
[Black "Korcz, Daniel"]
[Result "1-0"]
[WhiteElo "1953"]
[BlackElo "1742"]
[PlyCount "36"]
[EventDate "2009.??.??"]

1. e4 e5 2. Bc4 Bc5 3. Nc3 Nf6 4. d3 h6 5. Be3 d6 6. Bxc5 dxc5 7. Nge2 O-O 8.
O-O Nc6 9. f4 Ng4 10. Qc1 exf4 11. Qxf4 Nce5 12. Bb3 Be6 13. Bxe6 fxe6 14. Qg3
Qg5 15. Nf4 Qe7 16. h3 Nf6 17. Rf2 c4 18. d4 Nxe4 1-0

[Event "45 Otwarte Mistrzostwa Chorzowa OPEN FI"]
[Site "MDK Batory"]
[Date "2009.03.29"]
[Round "2.20"]
[White "Marek, Eugeniusz"]
[Black "Rzepka, Maciej"]
[Result "1-0"]
[WhiteElo "1920"]
[BlackElo "1737"]
[PlyCount "62"]
[EventDate "2009.??.??"]

1. c4 Nf6 2. Nc3 g6 3. g3 Bg7 4. Bg2 O-O 5. Nf3 d6 6. O-O e5 7. e4 Be6 8. d3
Qc8 9. Nh4 Bh3 10. f4 exf4 11. Bxf4 Nc6 12. Qd2 Bxg2 13. Kxg2 Nd7 14. Bh6 Nde5
15. Bxg7 Kxg7 16. Rad1 Nd8 17. Nd5 c6 18. Nf6 c5 19. Qg5 h6 20. Nh5+ Kh7 21.
Qe7 Ndc6 22. Nf6+ Kg7 23. Qxd6 b6 24. Nd5 Qg4 25. Qf6+ Kh7 26. Qxc6 Qe2+ 27.
Rf2 Qxd1 28. Qf6 Ng4 29. Qc3 Rad8 30. Rd2 Qe1 31. Kf3 h5 1-0

[Event "45 Otwarte Mistrzostwa Chorzowa OPEN FI"]
[Site "MDK Batory"]
[Date "2009.03.29"]
[Round "2.21"]
[White "Fraczek, Leslaw"]
[Black "Mandla, Maciej"]
[Result "0-1"]
[WhiteElo "1908"]
[BlackElo "1690"]
[PlyCount "68"]
[EventDate "2009.??.??"]

1. d4 Nf6 2. c4 g6 3. g3 Bg7 4. Bg2 O-O 5. Nc3 d6 6. Nf3 Nc6 7. O-O Bf5 8. Nh4
Bd7 9. e4 e5 10. d5 Nd4 11. Be3 c5 12. dxc6 Bxc6 13. Bxd4 exd4 14. Nd5 Re8 15.
Re1 Bd7 16. Qd3 Nxd5 17. cxd5 Qb6 18. b3 Rac8 19. Rec1 Rc3 20. Qd2 Rec8 21. Bf1
Qa5 22. Rc2 Bh6 23. f4 Qc5 24. Rxc3 dxc3+ 25. Qf2 g5 26. Qxc5 Rxc5 27. fxg5
Bxg5 28. Nf3 c2 29. Nxg5 c1=Q 30. Rxc1 Rxc1 31. a4 h6 32. Nf3 Bh3 33. Nd2 Bxf1
34. Nxf1 Rb1 0-1

[Event "45 Otwarte Mistrzostwa Chorzowa OPEN FI"]
[Site "MDK Batory"]
[Date "2009.03.29"]
[Round "2.22"]
[White "Stepaniec, Lukasz"]
[Black "Szczecina, Kamil"]
[Result "1/2-1/2"]
[WhiteElo "1885"]
[BlackElo "1686"]
[PlyCount "51"]
[EventDate "2009.??.??"]

1. d4 Nf6 2. c4 e5 3. dxe5 Ng4 4. Nf3 Nc6 5. e4 Ngxe5 6. Nxe5 Nxe5 7. f4 Nc6 8.
Be3 Bb4+ 9. Nd2 d6 10. a3 Bxd2+ 11. Qxd2 Qe7 12. Bd3 Bd7 13. O-O O-O 14. b4 f5
15. exf5 Bxf5 16. b5 Nb8 17. Rae1 Bxd3 18. Qxd3 Qf7 19. Rf3 Nd7 20. Rh3 Qf5 21.
Qxf5 Rxf5 22. g4 Rff8 23. Rf3 Rae8 24. Kf2 b6 25. h3 Re4 26. Rc1 1/2-1/2

[Event "45 Otwarte Mistrzostwa Chorzowa OPEN FI"]
[Site "MDK Batory"]
[Date "2009.03.29"]
[Round "2.23"]
[White "Jablonski, Lechoslaw"]
[Black "Rak, Dariusz"]
[Result "0-1"]
[WhiteElo "1654"]
[BlackElo "1884"]
[PlyCount "90"]
[EventDate "2009.??.??"]

1. e4 e5 2. d4 exd4 3. c3 dxc3 4. Bc4 cxb2 5. Bxb2 d5 6. Bxd5 Nf6 7. Bxf7+ Kxf7
8. Qxd8 Bb4+ 9. Qd2 Bxd2+ 10. Nxd2 Re8 11. f3 Nc6 12. Ne2 Nb4 13. O-O Be6 14.
Nd4 Rad8 15. N2b3 Nd3 16. Ba3 Bxb3 17. Nxb3 b6 18. Rad1 c5 19. Nc1 Nf4 20. g3
Ne6 21. Nd3 Nd4 22. Bb2 Nd7 23. Bxd4 cxd4 24. Nb4 Ne5 25. f4 Nc4 26. Rc1 Ne3
27. Rf2 Rxe4 28. Rd2 Ke6 29. Nd3 Kf6 30. Ne5 Nd5 31. Rc6+ Kf5 32. Rf2 Re1+ 33.
Kg2 Ke4 34. Re6 Ne3+ 35. Kh3 Kd5 36. Re7 Rd6 37. Nf7 Rc6 38. Re5+ Kc4 39. Rg5
Kc3 40. Rf3 d3 41. Rb5 d2 42. Rb3+ Kc2 43. Rbxe3 Rxe3 44. Rxe3 d1=Q 45. Ne5
Qh5+ 0-1

[Event "45 Otwarte Mistrzostwa Chorzowa OPEN FI"]
[Site "MDK Batory"]
[Date "2009.03.29"]
[Round "2.24"]
[White "Sobek, Piotr"]
[Black "Hendel, Kazimierz"]
[Result "0-1"]
[WhiteElo "1866"]
[BlackElo "1671"]
[PlyCount "88"]
[EventDate "2009.??.??"]

1. e4 c6 2. d4 d5 3. e5 Bf5 4. Bd3 Bxd3 5. Qxd3 e6 6. Nf3 Nd7 7. c4 Bb4+ 8. Bd2
dxc4 9. Qxc4 Bxd2+ 10. Nbxd2 Nb6 11. Qe2 Ne7 12. O-O Nf5 13. Nb3 Nd5 14. Rfd1
h6 15. Rac1 g5 16. Nc5 Qe7 17. h3 h5 18. Ne4 g4 19. hxg4 hxg4 20. Nfg5 g3 21.
Qf3 gxf2+ 22. Kxf2 O-O-O 23. Nd6+ Rxd6 24. exd6 Qxg5 25. Kg1 Qe3+ 26. Qxe3
Nfxe3 27. Rd3 Rg8 28. Rd2 Kd7 29. Rf2 f5 30. Re1 Kxd6 31. Rfe2 Rg4 32. Rd2 Re4
33. g3 Nf6 34. Kf2 Neg4+ 35. Kf1 Rxe1+ 36. Kxe1 Ne4 37. Rd3 Kd5 38. b3 Ngf2 39.
Rf3 Kxd4 40. Rxf2 Nxf2 41. Kxf2 e5 42. Ke2 e4 43. Kd2 c5 44. a3 b5 0-1

[Event "45 Otwarte Mistrzostwa Chorzowa OPEN FI"]
[Site "MDK Batory"]
[Date "2009.03.29"]
[Round "2.25"]
[White "Solek, Zenon"]
[Black "Klama, Andrzej"]
[Result "1-0"]
[WhiteElo "1852"]
[BlackElo "1663"]
[PlyCount "42"]
[EventDate "2009.??.??"]

1. e4 e6 2. d4 b6 3. Bd3 Bb7 4. Ne2 g6 5. O-O Bg7 6. c3 d6 7. Ng3 c6 8. f4 Nd7
9. f5 e5 10. Be3 a6 11. Nd2 Ngf6 12. Nc4 Qc7 13. dxe5 dxe5 14. Bc2 O-O 15. Qd6
Qxd6 16. Nxd6 Bc8 17. Bb3 h5 18. fxg6 b5 19. Ngf5 Bh8 20. Bxf7+ Rxf7 21. gxf7+
Kh7 1-0

[Event "45 Otwarte Mistrzostwa Chorzowa OPEN FI"]
[Site "MDK Batory"]
[Date "2009.03.29"]
[Round "2.26"]
[White "Rosicki, Marcin"]
[Black "Santura, Janusz"]
[Result "1/2-1/2"]
[WhiteElo "1527"]
[BlackElo "1852"]
[PlyCount "73"]
[EventDate "2009.??.??"]

1. e4 c6 2. d4 d5 3. e5 c5 4. dxc5 e6 5. Be3 Nd7 6. Nf3 Qc7 7. Bb5 Bxc5 8. Bxc5
Qxc5 9. Bxd7+ Bxd7 10. O-O Ne7 11. Nd4 O-O 12. c3 Nc6 13. Nxc6 Bxc6 14. Qd4
Qxd4 15. cxd4 Rac8 16. Nc3 Rc7 17. Rac1 Rfc8 18. Ne2 Kf8 19. Rc3 Ke7 20. Rfc1
f6 21. f4 Rf8 22. b4 Rcc8 23. b5 Bd7 24. Rxc8 Rxc8 25. Rxc8 Bxc8 26. Nc3 Bd7
27. Kf2 Be8 28. Ke3 Bh5 29. Na4 Be8 30. Nc3 Kd8 31. a4 Kc7 32. exf6 gxf6 33. f5
Kd6 34. fxe6 Kxe6 35. Kf4 Bg6 36. a5 Bd3 37. g4 1/2-1/2

[Event "45 Otwarte Mistrzostwa Chorzowa OPEN FI"]
[Site "MDK Batory"]
[Date "2009.03.30"]
[Round "3.1"]
[White "Kalinin, Oleg"]
[Black "Sztwiertnia, Krzysztof"]
[Result "1-0"]
[WhiteElo "2377"]
[BlackElo "2021"]
[PlyCount "101"]
[EventDate "2009.??.??"]

1. Nf3 Nf6 2. c4 g6 3. Nc3 Bg7 4. e4 d6 5. d4 O-O 6. h3 e5 7. d5 Nbd7 8. Bg5 h6
9. Be3 Nh5 10. Nh2 a6 11. g3 Nhf6 12. Ng4 h5 13. Nxf6+ Nxf6 14. Be2 Bd7 15. a3
Qc8 16. Bf1 Nh7 17. h4 Nf6 18. f3 Ne8 19. Be2 Bf6 20. b4 Ng7 21. c5 Qd8 22. Qd2
Be7 23. Rc1 f5 24. Nd1 fxe4 25. fxe4 b6 26. cxb6 cxb6 27. Nf2 b5 28. O-O Bxh4
29. gxh4 Qxh4 30. Kg2 Rxf2+ 31. Rxf2 Bh3+ 32. Kg1 Qg3+ 33. Kh1 Rf8 34. Rxf8+
Kxf8 35. Bf1 Qf3+ 36. Kg1 Qg3+ 37. Bg2 Bxg2 38. Qxg2 Qxe3+ 39. Qf2+ Qxf2+ 40.
Kxf2 Ne8 41. Rc6 Nf6 42. Ke3 Ke7 43. Rxa6 h4 44. Ra7+ Kf8 45. a4 h3 46. axb5 h2
47. Ra1 Ke7 48. Rh1 Kd7 49. Kf3 Kc7 50. Rxh2 Kb6 51. Rh6 1-0

[Event "45 Otwarte Mistrzostwa Chorzowa OPEN FI"]
[Site "MDK Batory"]
[Date "2009.03.30"]
[Round "3.2"]
[White "Osipow, Nikolaj"]
[Black "Kawala, Maciej"]
[Result "1-0"]
[WhiteElo "2251"]
[BlackElo "1953"]
[PlyCount "45"]
[EventDate "2009.??.??"]

1. d4 d5 2. Nf3 e6 3. e3 c5 4. Be2 Nc6 5. O-O Nf6 6. b3 Be7 7. Bb2 O-O 8. Nbd2
b6 9. c4 Bb7 10. dxc5 bxc5 11. cxd5 exd5 12. Rc1 Bd6 13. h3 Re8 14. Nb1 Ne4 15.
Na3 Nf6 16. Nb5 Ne4 17. Nxd6 Qxd6 18. Nd2 Ng5 19. Ba3 Ne6 20. Ne4 Qc7 21. Nxc5
Nxc5 22. Rxc5 Qd7 23. Rxd5 1-0

[Event "45 Otwarte Mistrzostwa Chorzowa OPEN FI"]
[Site "MDK Batory"]
[Date "2009.03.30"]
[Round "3.3"]
[White "Banasik, Henryk"]
[Black "Buchowski, Adam"]
[Result "0-1"]
[WhiteElo "2121"]
[BlackElo "1919"]
[PlyCount "116"]
[EventDate "2009.??.??"]

1. e4 g6 2. d4 Bg7 3. Nc3 c6 4. Nf3 d5 5. h3 Nf6 6. e5 Nfd7 7. Bf4 h6 8. e6
fxe6 9. Bd3 Nf8 10. Be5 Bf6 11. Qe2 a5 12. h4 b6 13. O-O-O Ba6 14. Bxa6 Nxa6
15. g4 Nb8 16. g5 Bxe5 17. Nxe5 h5 18. Rh3 Qc7 19. Qf3 Rh7 20. Qf4 Nbd7 21.
Nxg6 O-O-O 22. Qxc7+ Kxc7 23. Nf4 e5 24. dxe5 Nxe5 25. Re1 Kd6 26. Nfe2 Neg6
27. f4 Rf7 28. Rf1 e6 29. Nd1 Kc7 30. Ne3 d4 31. Ng2 Rd5 32. Ng3 Rh7 33. f5
exf5 34. Rxf5 Rxf5 35. Nxf5 Rf7 36. Rf3 Ne5 37. Rf1 Nfg6 38. Ng3 Rxf1+ 39. Nxf1
Nf3 40. Ng3 Nfxh4 41. Nxh4 Nxh4 42. Nxh5 Ng6 43. Kd2 Kd6 44. Nf6 b5 45. Kd3 Ke5
46. Nd7+ Kd6 47. Nf6 Ke5 48. a4 Nf4+ 49. Kd2 Ne6 50. Nd7+ Kd6 51. Nb8 Kc7 52.
Nxc6 Kxc6 53. Kd3 b4 54. g6 Kd5 55. Kd2 Kc4 56. b3+ Kd5 57. Ke1 Ke4 58. Ke2
Nf4+ 0-1

[Event "45 Otwarte Mistrzostwa Chorzowa OPEN FI"]
[Site "MDK Batory"]
[Date "2009.03.30"]
[Round "3.4"]
[White "Kempa, Stefan"]
[Black "Faron, Rafal"]
[Result "0-1"]
[WhiteElo "2080"]
[BlackElo "1707"]
[PlyCount "74"]
[EventDate "2009.??.??"]

1. Nf3 c5 2. c4 Nc6 3. g3 e5 4. Nc3 d6 5. Bg2 Nf6 6. d3 Be7 7. Rb1 Be6 8. a3 a5
9. Qb3 Rb8 10. Nd5 O-O 11. Nxe7+ Qxe7 12. e4 b5 13. Qc2 bxc4 14. dxc4 Nd4 15.
Nxd4 cxd4 16. Bd2 Rfc8 17. Bxa5 Bxc4 18. b3 Qb7 19. Qd2 Nxe4 20. Qd1 Bd5 21.
O-O Nc3 22. Bxc3 Bxg2 23. Bb4 Bxf1 24. Qxf1 Rd8 25. Ba5 Rdc8 26. Bb4 Rc6 27.
Bd2 Ra6 28. Bb4 h6 29. f4 f6 30. Qc4+ Kh8 31. Rc1 Raa8 32. Bxd6 Rc8 33. Bc5
Rxa3 34. fxe5 fxe5 35. Qe6 Ra2 36. Qh3 Rca8 37. Qf1 Qxb3 0-1

[Event "45 Otwarte Mistrzostwa Chorzowa OPEN FI"]
[Site "MDK Batory"]
[Date "2009.03.30"]
[Round "3.5"]
[White "Galyga, Jozef"]
[Black "Mulet, Piotr"]
[Result "0-1"]
[WhiteElo "1906"]
[BlackElo "2303"]
[PlyCount "84"]
[EventDate "2009.??.??"]

1. e4 e6 2. d3 d5 3. Nd2 Nf6 4. Ngf3 b6 5. g3 dxe4 6. dxe4 Bb7 7. Qe2 Ba6 8. c4
Nc6 9. Bg2 e5 10. O-O Nd4 11. Nxd4 Qxd4 12. Rb1 Rd8 13. b3 Qd3 14. Qxd3 Rxd3
15. Nf3 Nd7 16. Bb2 f6 17. Rbd1 Rxd1 18. Rxd1 Bb7 19. Ne1 Nc5 20. Nd3 Nxe4 21.
Re1 Nc5 22. Nxc5 Bxg2 23. Kxg2 Bxc5 24. f4 O-O 25. fxe5 fxe5 26. Bxe5 Rf2+ 27.
Kh3 c6 28. Rd1 Rxa2 29. Rd7 Bf8 30. Rc7 Ra3 31. Rc8 Rxb3 32. Kg4 Rb1 33. Bd6
Rf1 34. Ra8 a5 35. h4 g6 36. h5 gxh5+ 37. Kxh5 Rf6 38. c5 b5 39. Bxf8 Rxf8 40.
Rxa5 Rf5+ 41. Kh6 Rxc5 42. Ra8+ Kf7 0-1

[Event "45 Otwarte Mistrzostwa Chorzowa OPEN FI"]
[Site "MDK Batory"]
[Date "2009.03.30"]
[Round "3.6"]
[White "Ronke, Robert"]
[Black "Galyga, Zbigniew"]
[Result "0-1"]
[WhiteElo "1930"]
[BlackElo "2217"]
[PlyCount "84"]
[EventDate "2009.??.??"]

1. d4 f5 2. Nc3 Nf6 3. f3 d5 4. Bg5 c5 5. e4 dxe4 6. d5 e3 7. Bc4 Nbd7 8. a4
Ne5 9. Ba2 Qb6 10. Qc1 Bd7 11. Nge2 O-O-O 12. Bxe3 e6 13. a5 Qa6 14. O-O exd5
15. Bf4 Bd6 16. Bxd5 Nxd5 17. Nxd5 Qxe2 18. Re1 Qc4 19. Rxe5 Bxe5 20. Ne7+ Kb8
21. Bxe5+ Ka8 22. Bxg7 Rhe8 23. Qg5 Qe6 24. Bf6 Bc8 25. Nxf5 Rd5 26. g4 Rg8 27.
Bg7 Rxf5 28. gxf5 Qxf5 29. Qxf5 Bxf5 30. Re1 Rxg7+ 31. Kf2 b6 32. c3 Kb7 33.
Re5 Rf7 34. Ke3 Kc6 35. b4 Kb5 36. Kf4 Bc2+ 37. Kg3 Kc4 38. axb6 axb6 39. bxc5
bxc5 40. f4 Rf5 41. Re3 Bd3 42. Kg4 h5+ 0-1

[Event "45 Otwarte Mistrzostwa Chorzowa OPEN FI"]
[Site "MDK Batory"]
[Date "2009.03.30"]
[Round "3.7"]
[White "Klementys, Jerzy"]
[Black "Janiszewski, Maciej"]
[Result "1-0"]
[WhiteElo "1859"]
[BlackElo "2093"]
[PlyCount "61"]
[EventDate "2009.??.??"]

1. d4 Nf6 2. c4 e5 3. dxe5 Ng4 4. Bf4 Nc6 5. Nf3 Bb4+ 6. Nbd2 Qe7 7. e3 Ngxe5
8. Nxe5 Nxe5 9. a3 Bd6 10. Bg3 h5 11. h3 b6 12. Be2 Bb7 13. O-O O-O-O 14. b4
Qg5 15. Qc2 Kb8 16. c5 Be7 17. cxb6 axb6 18. e4 d5 19. Nf3 Nxf3+ 20. Bxf3 Bd6
21. Bxd6 Rxd6 22. exd5 Rhd8 23. Rac1 R8d7 24. Rfe1 Qd8 25. Re5 g6 26. Rce1 Qf6
27. Re8+ Bc8 28. a4 Rd8 29. a5 Bxh3 30. axb6 cxb6 31. R1e7 1-0

[Event "45 Otwarte Mistrzostwa Chorzowa OPEN FI"]
[Site "MDK Batory"]
[Date "2009.03.30"]
[Round "3.8"]
[White "Skrzyczek, Tomasz"]
[Black "Kaczmarek, Aleksander"]
[Result "0-1"]
[WhiteElo "2027"]
[BlackElo "1886"]
[PlyCount "82"]
[EventDate "2009.??.??"]

1. e4 e5 2. Nf3 Nc6 3. Bc4 Bc5 4. c3 Nf6 5. d3 d6 6. b4 Bb6 7. a4 a5 8. b5 Ne7
9. Qb3 O-O 10. O-O h6 11. Ba3 Ng6 12. Nbd2 Bg4 13. h3 Bxf3 14. Nxf3 Nh7 15. Bc1
Qe7 16. Be3 Kh8 17. Bd5 Rab8 18. Bxb6 cxb6 19. d4 Ng5 20. Qd1 f5 21. Nxg5 Qxg5
22. g3 h5 23. Kh2 f4 24. Ra2 Rf6 25. Rg1 Rbf8 26. g4 f3 27. gxh5 Qf4+ 28. Rg3
Ne7 29. Bxb7 Rb8 30. Bd5 Nxd5 31. exd5 e4 32. Qd2 Qxd2 33. Rxd2 e3 34. Rd1 e2
35. Re1 Rc8 36. Rg6 Rxg6 37. hxg6 Kg8 38. Kg3 Rxc3 39. h4 Kf8 40. Kf4 Rd3 41.
Rc1 Rd1 0-1

[Event "45 Otwarte Mistrzostwa Chorzowa OPEN FI"]
[Site "MDK Batory"]
[Date "2009.03.30"]
[Round "3.9"]
[White "Rak, Dariusz"]
[Black "Kuciel, Wladyslaw"]
[Result "0-1"]
[WhiteElo "1884"]
[BlackElo "2121"]
[PlyCount "59"]
[EventDate "2009.??.??"]

1. d4 Nf6 2. c4 e6 3. Nf3 a6 4. Qc2 c5 5. e3 Nc6 6. Nc3 d5 7. cxd5 exd5 8. Be2
Be6 9. O-O cxd4 10. exd4 Be7 11. Ne5 Rc8 12. Qb3 Na5 13. Qa4+ b5 14. Nxb5 axb5
15. Bxb5+ Kf8 16. b4 Nc4 17. Bf4 Ne4 18. Rfc1 g5 19. Be3 Nxe3 20. fxe3 Nc3 21.
Qa6 Bxb4 22. Nc6 Qd6 23. a3 Nxb5 24. axb4 Bd7 25. Qxb5 Rxc6 26. Rc5 Qe6 27. e4
Qxe4 28. Ra8+ Kg7 29. Rxh8 Qxd4+ 30. Kf1 0-1